Mapa Asia examen - Estadísticas

Estadísticas generales
  • Esta prueba ha sido intentada 53 veces
  • La puntuación promedio es 31 de 39
Respuestas en el mapa
Las respuestas están codificadas por una escala verde-roja en el mapa de la prueba según el % correcto abajo.
 
Estadísticas de respuestas
País % Correcto
Arabia Saudita
92%
China
92%
Irak
92%
Irán
92%
Mongolia
92%
Corea del Norte
89%
Corea del Sur
89%
India
89%
Japón
89%
Turquía
89%
Filipinas
86%
Indonesia
86%
Israel
86%
Omán
86%
Afganistán
83%
Emiratos Árabes Unidos
83%
Tailandia
83%
Taiwán
83%
Yemen
83%
Jordania
81%
Pakistán
81%
Vietnam
81%
Kazajistán
78%
Nepal
78%
Siria
78%
Catar
75%
Georgia
72%
Malasia
72%
Armenia
69%
Camboya
69%
Azerbaiyán
67%
Bangladés
67%
Singapur
67%
Kuwait
64%
Laos
64%
Myanmar
64%
Líbano
58%
Sri Lanka
58%
Uzbekistán
58%
No se encontraron pruebas coincidentes
Distribución de puntuación
Porcentaje de gente con cada puntuación
Porcentaje por número respondido
Historial de tus puntuaciones
No has intentado esta prueba.